Skills performance checklists to accompany clinical nursing skills & techniques (Record no. 9152)
[ view plain ]
| 000 -LEADER | |
|---|---|
| fixed length control field | 02063cam a22002897a 4500 |
| 001 - CONTROL NUMBER | |
| control field | 14887903 |
| 003 - CONTROL NUMBER IDENTIFIER | |
| control field | OSt |
| 005 - DATE AND TIME OF LATEST TRANSACTION | |
| control field | 20220817121943.0 |
| 008 - FIXED-LENGTH DATA ELEMENTS--GENERAL INFORMATION | |
| fixed length control field | 070612s2007 mou f 000 0 eng d |
| 020 ## - INTERNATIONAL STANDARD BOOK NUMBER | |
| International Standard Book Number | 9780323031592 |
| 020 ## - INTERNATIONAL STANDARD BOOK NUMBER | |
| International Standard Book Number | 0323031595 |
| 040 ## - CATALOGING SOURCE | |
| Transcribing agency | LC |
| 050 00 - LIBRARY OF CONGRESS CALL NUMBER | |
| Classification number | RT51.P365 |
| 100 ## - MAIN ENTRY--PERSONAL NAME | |
| Personal name | Castaldi, Patricia A. |
| 9 (RLIN) | 197 |
| 245 10 - TITLE STATEMENT | |
| Title | Skills performance checklists to accompany clinical nursing skills & techniques |
| Statement of responsibility, etc. | Patricia A. Castaldi, Anne Griffin Perry. |
| 250 ## - EDITION STATEMENT | |
| Edition statement | 6th ed. |
| 260 ## - PUBLICATION, DISTRIBUTION, ETC. | |
| Place of publication, distribution, etc. | St. Louis, Missouri: |
| Name of publisher, distributor, etc. | Mosby Elsevier, |
| Date of publication, distribution, etc. | 2005. |
| 300 ## - PHYSICAL DESCRIPTION | |
| Extent | x, 515 p. ; |
| Dimensions | 28 cm. |
| 505 ## - FORMATTED CONTENTS NOTE | |
| Formatted contents note | Contents: Admitting, transfer and discharge -- Communication -- Reporting and recording -- Safety -- Disaster preparedness -- Comfort -- End of life care/palliative care -- Medical asepsis -- Sterile technique -- Body mechanics, transfer and positioning -- Exercise and ambulation -- Orthopedic measures -- Support surfaces and special beds -- Personal hygiene and bed making -- Pressure ulcer care -- Care of the eye and ear prostheses -- Vital signs -- Health history and physical examination -- Preparing for medication administration -- Oral and topical medications -- Parenteral medications -- Oxygen therapy -- Performing chest physiotherapy -- Airway management -- Closed chest drainage systems -- Emergency measures for life support -- Intravenous therapy -- Blood transfusions -- Oral nutrition -- Enteral nutrition -- Parenteral nutrition -- Urinary elimination -- Bowel elimination and gastric intubation -- Ostomy care -- Preoperative and postoperative care -- Intraoperative care -- Wound care and irrigations -- Dressings -- Binders and bandages -- Hot and cold therapy -- Home care safety -- Home care teaching -- Specimen collection -- Diagnostic procedures -- |
| 650 ## - SUBJECT ADDED ENTRY--TOPICAL TERM | |
| Topical term or geographic name entry element | Nursing |
| 9 (RLIN) | 102 |
| 650 ## - SUBJECT ADDED ENTRY--TOPICAL TERM | |
| Topical term or geographic name entry element | Nursing care |
| 9 (RLIN) | 105 |
| 650 ## - SUBJECT ADDED ENTRY--TOPICAL TERM | |
| Topical term or geographic name entry element | Nursing |
| 9 (RLIN) | 102 |
| 700 ## - ADDED ENTRY--PERSONAL NAME | |
| Personal name | Perry, Anne Griffin |
| 9 (RLIN) | 110 |
| 942 ## - ADDED ENTRY ELEMENTS (KOHA) | |
| Source of classification or shelving scheme | Library of Congress Classification |
| Koha item type | Books |
| Withdrawn status | Lost status | Source of classification or shelving scheme | Damaged status | Not for loan | Home library | Current library | Shelving location | Date acquired | Total Checkouts | Full call number | Barcode | Date last seen | Price effective from | Koha item type |
|---|---|---|---|---|---|---|---|---|---|---|---|---|---|---|
| Library of Congress Classification | WISCONSIN INTERNATIONAL UNIVERSITY COLLEGE, GHANA KUMASI LIBRARY | WISCONSIN INTERNATIONAL UNIVERSITY COLLEGE, GHANA KUMASI LIBRARY | nursing | 26/11/2019 | RT51.P365(6e) | KSN/820/820/19 | 17/08/2022 | 17/08/2022 | Books |
